00617nam a2200157Ia 4500008004100000082001600041100002000057245006900077260003100146365000600177630006900183730006900252942000900321999001900330952011000349100415s9999 xx 000 0 und d b7497a591.4 aPortmann Adolf aAnimal Forms and Patterns : A study of the Appearence of Animals aLONDONc0bFABER AND FABER b0 aAnimal Forms and Patterns : A study of the Appearence of Animals aAnimal Forms and Patterns : A study of the Appearence of Animals cBOOK c590450d590447 00104070aBNHSbBNHSd1997-11-08g0.00l0o591.4 7497pBNHS-7497r2010-04-15 00:00:00w2010-04-15yBOOK